LDR 00809naa#a2200169#i#450# 001 RU\\bibl\124882 005 20260604010337.4 011 ## _a2221-3260 100 ## _a20260331b2026####ek#y0rusy0150####ca 102 ## _aRU 200 1# _aРоль системы среднего профессионального образования в подготовке кадров для креативных индустрий _eЖурнальная статья 210 1# _aЯрославль _cЯрославский государственный технический университет _d2026 215 ## _a18 с. 608 ## _aЖурнальная статья _2local 700 #1 _aБерендеева _gАлла Борисовна 700 #1 _aБерендеева _gОльга Сергеевна 856 4# _atheoreticaleconomy.ru _u